|
|
|
|
| LEADER |
00000n m0a2200000 4500 |
| 001 |
277046 |
| 005 |
20231101234959.0 |
| 020 |
|
|
|a RU
|b 86-16258
|
| 035 |
|
|
|a (RuTPU)RU\TPU\book\300319
|
| 090 |
|
|
|a 277046
|
| 100 |
|
|
|a 20141128d1986 k y0rusy5003 ca
|
| 101 |
0 |
|
|a rus
|
| 102 |
|
|
|a RU
|
| 105 |
|
|
|a a z 001zy
|
| 200 |
1 |
|
|a Термогазохимическое воздействие на малодебитные и осложненные скважины
|f Г. А. Чазов [и др.]
|
| 210 |
|
|
|a Москва
|c Недра
|d 1986
|
| 215 |
|
|
|a 150 с.
|c ил.
|
| 300 |
|
|
|a Авт. указаны на обороте тит. л.
|
| 320 |
|
|
|a Библиогр.: с. 141-142 (29 назв.)
|
| 606 |
1 |
|
|a Нефтяные пласты
|x Нефтеотдача
|x Термический метод
|2 stltpush
|3 (RuTPU)RU\TPU\subj\45994
|9 65182
|
| 610 |
1 |
|
|a нефтедобыча
|
| 610 |
1 |
|
|a призабойные зоны
|
| 610 |
1 |
|
|a воздействие
|
| 610 |
1 |
|
|a порох
|
| 610 |
1 |
|
|a термогазохимические воздействия
|
| 610 |
1 |
|
|a малодебитные скважины
|
| 610 |
1 |
|
|a осложненные скважины
|
| 610 |
1 |
|
|a физические процессы
|
| 610 |
1 |
|
|a геолого-физические условия
|
| 610 |
1 |
|
|a эффективность
|
| 610 |
1 |
|
|a безопасность
|
| 610 |
1 |
|
|a санитарные мероприятия
|
| 610 |
1 |
|
|a противопожарные мероприятия
|
| 675 |
|
|
|a 622.276.65
|z rus
|v 4
|
| 701 |
|
1 |
|a Чазов
|b Г. А.
|g Геннадий Александрович
|
| 701 |
|
1 |
|a Азаматов
|b В. И.
|g Венер Идиатуллович
|
| 701 |
|
1 |
|a Якимов
|b С. В.
|g Сергей Владимирович
|
| 701 |
|
1 |
|a Савич
|b А. И.
|g Александр Ильич
|
| 801 |
|
0 |
|a RU
|b RuMRKP
|c 19950704
|g psbo
|
| 801 |
|
1 |
|a RU
|b 63413507
|c 20141128
|
| 801 |
|
2 |
|a RU
|b 63413507
|c 20170403
|g RCR
|
| 942 |
|
|
|c BK
|